Systémy vnitřních kontrol a podniková rizika: současné světové a evropské trendy v požadavcích na jejich zveřejňování
Investovanie na svetových kapitálových trhoch. Náhle neočakávané bankroty svetových spoločností. Opakovaná nevierohodnosť oficiálne zverejňovaných účtovných závierok. Nové rozšírené požiadavky na zverejňovanie. Vydanie zákona v USA Sarbanes-Oxley Act. Legislatíva, smernice, návrhy požiadaviek ohľadn...
Salvato in:
| Autore principale: | |
|---|---|
| Natura: | Capitolo di libro |
| Lingua: | ceco |
| Soggetti: | |
| Tags: |
Nessun Tag, puoi essere il primo ad aggiungerne!!
|
MARC
| LEADER | 00000naa$a2200000$$$4500 | ||
|---|---|---|---|
| 001 | 0046113 | ||
| 005 | 20230925085550.8 | ||
| 041 | 0 | |a cze | |
| 044 | |a CZ | ||
| 245 | 1 | 0 | |a Systémy vnitřních kontrol a podniková rizika: současné světové a evropské trendy v požadavcích na jejich zveřejňování |c Dana Kovanicová |
| 520 | |a Investovanie na svetových kapitálových trhoch. Náhle neočakávané bankroty svetových spoločností. Opakovaná nevierohodnosť oficiálne zverejňovaných účtovných závierok. Nové rozšírené požiadavky na zverejňovanie. Vydanie zákona v USA Sarbanes-Oxley Act. Legislatíva, smernice, návrhy požiadaviek ohľadne rizík a interných kontrol. Reakcia IAS/IFRS na rozšírené požiadavky EÚ a USA. | ||
| 610 | 2 | 0 | |a závierka účtovná |
| 610 | 2 | 0 | |a spoločnosti |
| 610 | 2 | 0 | |a spoločnosti akciové |
| 610 | 2 | 0 | |a správy výročné |
| 610 | 2 | 0 | |a informácie |
| 610 | 2 | 0 | |a kontrola vnútorná |
| 610 | 2 | 0 | |a riziko |
| 610 | 2 | 0 | |a situácia finančná podniku |
| 610 | 2 | 0 | |a výkazníctvo finančné |
| 610 | 2 | 0 | |a výkazníctvo účtovné |
| 610 | 2 | 0 | |a štandardy účtovné medzinárodné |
| 610 | 2 | 0 | |a USA |
| 610 | 2 | 0 | |a Európska únia |
| 100 | 1 | |a Kovanicová, Dana | |